Digitalisation and development (Record no. 951931)

MARC details
000 -LEADER
fixed length control field 00981nam a2200289Ia 4500
003 - CONTROL NUMBER IDENTIFIER
control field OSt
005 - DATE AND TIME OF LATEST TRANSACTION
control field 20221005043457.0
008 - FIXED-LENGTH DATA ELEMENTS--GENERAL INFORMATION
fixed length control field 221004b |||||||| |||| 00| 0 eng d
020 ## - INTERNATIONAL STANDARD BOOK NUMBER
International Standard Book Number 9789811399954 (hbk)
037 ## - SOURCE OF ACQUISITION
Terms of availability Textual
040 ## - CATALOGING SOURCE
Original cataloging agency CRL
Transcribing agency CRL
Language of cataloging eng
041 ## - LANGUAGE CODE
Source of code eng
Language code of text/sound track or separate title eng
100 ## - MAIN ENTRY--PERSONAL NAME
Personal name Maiti Dibyendu Ed.
9 (RLIN) 463544
245 #0 - TITLE STATEMENT
Title Digitalisation and development
Remainder of title issues for India and beyond
260 ## - PUBLICATION, DISTRIBUTION, ETC.
Place of publication, distribution, etc. Gateway
Name of publisher, distributor, etc. East Springer Singapore
Date of publication, distribution, etc. 2020
300 ## - PHYSICAL DESCRIPTION
Extent xv,436p.
Dimensions cm.
650 ## - SUBJECT ADDED ENTRY--TOPICAL TERM
Topical term or geographic name entry element INFORMATION TECHNOLOGY
650 ## - SUBJECT ADDED ENTRY--TOPICAL TERM
Topical term or geographic name entry element ECONOMICS
700 ## - ADDED ENTRY--PERSONAL NAME
Personal name Castellacci Fulvio Ed.
9 (RLIN) 463545
700 ## - ADDED ENTRY--PERSONAL NAME
Personal name Melchior Arne Ed.
9 (RLIN) 463546
942 ## - ADDED ENTRY ELEMENTS (KOHA)
Classification part X:(D65,8(B)), R0
Koha item type Textual
Source of classification or shelving scheme
Holdings
Withdrawn status Lost status Damaged status Not for loan Home library Current library Date acquired Source of acquisition Total Checkouts Full call number Barcode Date last seen Price effective from Koha item type
        Central Library Central Library 2022-10-05 206, 02/03/2020, Classic Book Service   X:(D65,8(B)) R0 CL1678311 2022-10-05 2022-10-05 Textual
Copyright @ Delhi University Library System